|
|
|
|
| LEADER |
00000nam0a2200000 4500 |
| 001 |
218128 |
| 005 |
20231031194812.0 |
| 010 |
|
|
|a 5030010572
|
| 035 |
|
|
|a (RuTPU)RU\TPU\book\238138
|
| 090 |
|
|
|a 218128
|
| 100 |
|
|
|a 20120614d1990 km y0rusy50 ca
|
| 101 |
1 |
|
|a rus
|c ger
|
| 102 |
|
|
|a RU
|
| 105 |
|
|
|a a z 001zy
|
| 200 |
1 |
|
|a Неравновесная статистическая механика
|e пер. с нем.
|f Г. Рёпке
|
| 210 |
|
|
|a Москва
|c Мир
|d 1990
|
| 215 |
|
|
|a 320 с.
|c ил.
|
| 320 |
|
|
|a Библиогр.: с. 311-315.
|
| 320 |
|
|
|a Предметный указатель: с. 316-317.
|
| 610 |
1 |
|
|a механика
|
| 610 |
1 |
|
|a статистическая механика
|
| 610 |
1 |
|
|a случайные процессы
|
| 610 |
1 |
|
|a броуновское движение
|
| 610 |
1 |
|
|a кинетическая теория
|
| 610 |
1 |
|
|a флуктуация
|
| 610 |
1 |
|
|a библиотека А. Г. Стромберга
|
| 675 |
|
|
|a 531.19
|v 3
|
| 700 |
|
1 |
|a Рёпке
|b Г.
|g Герд
|
| 801 |
|
1 |
|a RU
|b 63413507
|c 20120614
|
| 801 |
|
2 |
|a RU
|b 63413507
|c 20190116
|g RCR
|
| 942 |
|
|
|c BK
|